000 00782cab a2200229 4500
001 WB3108-27
008 090401t1995 xxu||||| |||| 00| 0 eng d
035 _a(Sirsi) u9620
041 _aeng
245 _aRent arrears
260 _c1995
350 _a0
490 _aEstates Gazette Case Summaries
_v(1995) EGCS 19(1) (18/2/95)
520 _a"Wharfland Ltd v South London Co-operative Building Co Ltd" QBD 6 February 1995. Held that the assignee was not liable for assignors rent arrears and that the landlord was not entitled to distrain on the goods of the assignee.
650 _aASSIGNEES
650 _aASSIGNMENT
650 _aDISTRAINT
650 _aRENT ARREARS
690 _aLANDLORD AND TENANT-CASE LAW-BUSINESS TENANCIES
942 _n0
948 _c04/03/1997
999 _c6033
_d6033